UM Logo
Normal view MARC view
  • Asentista, Ruthchell C.

Entry Personal Name

Number of records used in: 1

001 - CONTROL NUMBER

  • control field: 34777

003 - CONTROL NUMBER IDENTIFIER

  • control field: OSt

005 - DATE AND TIME OF LATEST TRANSACTION

  • control field: 20190122110145.0

008 - FIXED-LENGTH DATA ELEMENTS

  • fixed length control field: 190122|| aca||aabn | a|a d

040 ## - CATALOGING SOURCE

  • Original cataloging agency: OSt
  • Transcribing agency: OSt

100 ## - HEADING--PERSONAL NAME

  • Personal name: Asentista, Ruthchell C.

670 ## - SOURCE DATA FOUND

  • Source citation: Work cat.: (OSt): Asentista, Ruthchell C., Language anxiety in english as second language (ESL) and self- esteem of english major students of the UM Digos College /, November 2018.